00587cam a2200205 a 450000100100000000500170001000800410002702000150006804000240008308200240010710000290013124500510016025000120021126000370022330000210026049000210028165000220030265000360032483000210036000000808720200929154428.0920904s1993 sp 000 f spa d a8432205451 aDO-SdBNPcNIICdDLC a863.64bM539c, 19931 aMendoza, Eduardo,d1943-13aLa ciudad de los prodigios /cEduardo Mendoza. a27a ed. aBarcelona :bSeix Barral,c1993. a394 p. ;c21 cm.1 aBiblioteca breve 4aNovela española 4aLiteratura españolaySIGLO XX 0aBiblioteca breve